Statistics for One Direction Zodiac Sign and Birthday

Click here to take the quiz!

General Stats

  • This quiz has been taken 1,840 times
  • The average score is 5 of 10

Answer Stats

HintAnswer% Correct
What is Louis's Zodiac Sign?Capricorn
82%
What is Zayn's Zodiac Sign?Capricorn
82%
What is Harry's Zodiac Sign?Aquarius
80%
What is Liam's Zodiac Sign?Virgo
77%
What is Niall's Zodiac Sign?Virgo
77%
When is Louis's Birthday?December 24th 1991
14%
When is Harry's Birthday?February 1st 1994
13%
When is Niall's Birthday?September 13th 1993
12%
When is Liam's Birthday?August 29th 1993
11%
When is Zayn's Birthday?January 12th 1993
11%

Score Distribution

Percentile by Number Answered

Percent of People with Each Score

Your Score History

You have not taken this quiz